Online
Catalog

¿Qué ha dicho verdaderamente Piaget / (Record no. 18208)

MARC details
000 -CABECERA
campo de control de longitud fija 00827cam a2200241 a 4500
001 - NÚMERO DE CONTROL
campo de control 000018688
005 - FECHA Y HORA DE LA ÚLTIMA TRANSACCIÓN
campo de control 20250520140417.0
008 - DATOS DE LONGITUD FIJA--INFORMACIÓN GENERAL
campo de control de longitud fija 100513s1972 sp a 000 0 spa d
040 ## - FUENTE DE LA CATALOGACIÓN
Centro catalogador/agencia de origen DO-SdBNP
Lengua de catalogación spa
Centro/agencia transcriptor BNPHU
082 ## - NÚMERO DE LA CLASIFICACIÓN DECIMAL DEWEY
Número de clasificación 155.413
Número de documento/Ítem L614q
049 ## - FONDOS LOCALES (OCLC)
Fondos de biblioteca BNGR
100 1# - ENTRADA PRINCIPAL--NOMBRE DE PERSONA
Nombre de persona Lerbert, Georges
Fechas asociadas al nombre 1936-
9 (RLIN) 40349
245 10 - MENCIÓN DE TÍTULO
Título ¿Qué ha dicho verdaderamente Piaget /
Mención de responsabilidad, etc. Georges Lerbert ; Traducción César Suárez.
246 1# - FORMA VARIANTE DE TÍTULO
Título propio/Titulo breve Piaget
260 ## - PUBLICACIÓN, DISTRIBUCIÓN, ETC.
Lugar de publicación, distribución, etc. Madrid, España :
Nombre del editor, distribuidor, etc. Doncel,
Fecha de publicación, distribución, etc. 1972.
300 ## - DESCRIPCIÓN FÍSICA
Extensión 126 p. :
Otras características físicas il. ;
Dimensiones 18 cm.
500 ## - NOTA GENERAL
Nota general Incluye datos biográficos del autor en la contraportada.
504 ## - NOTA DE BIBLIOGRAFÍA, ETC.
Nota de bibliografía, etc. Incluye referencias bibliográficas p. 121-126
600 14 - PUNTO DE ACCESO ADICIONAL DE MATERIA--NOMBRE DE PERSONA
Nombre de persona PIAGET, JEAN,
Fechas asociadas al nombre 1896-1980
9 (RLIN) 40350
650 #0 - PUNTO DE ACCESO ADICIONAL DE MATERIA--TÉRMINO DE MATERIA
Término de materia o nombre geográfico como elemento de entrada Psicología infantil
9 (RLIN) 2718
650 #4 - PUNTO DE ACCESO ADICIONAL DE MATERIA--TÉRMINO DE MATERIA
Término de materia o nombre geográfico como elemento de entrada Cognición en niños
9 (RLIN) 2722
700 1# - PUNTO DE ACCESO ADICIONAL--NOMBRE DE PERSONA
Nombre de persona Suárez, César
Término indicativo de función/relación tr.
9 (RLIN) 40351
Holdings
Estado de retiro Estado de pérdida Restricciones de uso No para préstamo Código de colección Localización permanente Ubicación/localización actual Ubicación en estantería Fecha de adquisición Número de inventario Total de préstamos Signatura topográfica completa Código de barras Fecha visto por última vez Precio válido a partir de Tipo de ítem Koha Número de copia
        Monografías: Libros y Folletos General General En catalogación 13.05.2010 LF1   155.413 L614q 18688-10 25.06.2020 25.06.2020 Préstamo en sala  
      Préstamo restrigido Monografías: Libros y Folletos General General En catalogación 18.05.2010 LF1   155.413 L614q 18688-20 25.06.2020 25.06.2020 Préstamo en sala e. 2
        Monografías: Libros y Folletos General General En catalogación 18.05.2010 LF1   155.413 L614q 18688-30 25.06.2020 25.06.2020 Préstamo en sala e. 3

Powered by Koha